Tapez W - Statistiques

Statistiques générales
  • Ce quiz a été pris 219 fois
  • Le résultat moyen est 15 sur 15
Statistiques - réponses
Tapez WW % Correct
W
100%
WWWWW
100%
WWWWWWWWWWWW
100%
W
99%
W
99%
WW
99%
WWWWW
99%
WW
98%
WW
98%
WWW
98%
WWWWWW
98%
WWWWWW
98%
WWWWWWWW
98%
W
97%
WWWWWW
97%
Aucun quiz correspondant
Distribution des résultats
% des personnes avec chaque résultat
Percentile par nombre de réponses
Votre historique - résultats
Vous n’avez pas pris ce quiz